000 00311nam a22001217a 4500
008 180208b xxu||||| |||| 00| 0 eng d
041 _aeng
080 _a159.9
100 _a49
101 _aPSI
245 _aSIX STEPS IN THE TREATMENT OF BORDLINE PERSONALITY ORGABIZTION
_cVAMIK.D.V
942 _2udc
_cBK
999 _c42183
_d42183